000 00560nam a2200157 a 4500
008 120416s1996 ||||||||||||||||| || u
020 _a0750625910
050 _aTK 7874 Car
100 _aCarr, Joseph.J
245 1 0 _aLinear integrated circuits
260 _aOxford:
_bBUTTERWORTH HEINEMANN
_c1996
300 _aix,335p. : ill.
350 _a0.00
650 _aLinear integrated circuits
995 _D0.00
_FCBU-MAIN LIBRARY (Kitwe)
_H1
_I21.95
_M1
_UAVAILABLE
_WAug 1, 2006
_ZAnnex Low-Usage Collection
999 _c49316
_d49316